[Event "Lausanne (Switzerland)"]
[Site "?"]
[Date "2003.??.??"]
[Round "2"]
[White "Kritz Leonid"]
[Black "Mikavica Mirko"]
[Result "1-0"]
[WhiteElo "2543"]
[BlackElo "2259"]
[PlyCount "71"]
[EventDate "2003.??.??"]
[Source "www.chesslib.no"]
[SourceDate "2004.05.04"]

1. e4 c5 2. Nf3 d6 3. d4 cxd4 4. Nxd4 Nf6 5. Nc3 e5 6. Bb5+ Bd7 7. Bxd7+ Qxd7 8. Nde2 Qc6 9. Ng3 h5 10. Qf3 Nbd7 11. Bg5 h4 12. Nf5 h3 13. g3 Nb6 14. Nxg7+ Bxg7 15. Bxf6 Bxf6 16. Qxf6 Rg8 17. O-O-O Rd8 18. Nd5 Nxd5 19. Rxd5 Rg6 20. Qh8+ Ke7 21. Qh4+ Ke8 22. Rhd1 Qc8 23. f4 exf4 24. gxf4 Rg2 25. c3 Rg4 26. Qf6 Rg6 27. Qh8+ Ke7 28. Qh4+ Ke8 29. f5 Rg8 30. Qh7 Ke7 31. f6+ Kf8 32. e5 Qc4 33. Qh6+ Ke8 34. exd6 Rd7 35. Qe3+ Kf8 36. Qe7+ 1-0

[Event "Barcelona UGA"]
[Site "Barcelona ESP"]
[Date "1993.??.??"]
[Round "7"]
[White "De la Riva Aguado, Oscar"]
[Black "Braga, Fernando"]
[Result "1-0"]
[WhiteElo "2365"]
[BlackElo "2435"]
[PlyCount "89"]
[EventDate "1993.??.??"]
[Source "www.chesslib.no"]
[SourceDate "2004.05.04"]

1. e4 c5 2. Nf3 d6 3. d4 cxd4 4. Nxd4 Nf6 5. Nc3 e5 6. Bb5+ Nbd7 7. Nf5 a6 8. Bxd7+ Qxd7 9. Bg5 Nxe4 10. Nxg7+ Bxg7 11. Nxe4 O-O 12. Qxd6 f5 13. Qxd7 Bxd7 14. Nd6 b5 15. O-O-O Ra7 16. Be3 Rc7 17. f4 Bc6 18. Rd2 Bh6 19. Rf1 Rd7 20. g3 Rf6 21. Rfd1 exf4 22. Bxf4 Bxf4 23. gxf4 Kf8 24. Rd4 Ke7 25. Nc8+ Kd8 26. Rxd7+ Bxd7 27. Rd6 Rg6 28. Rxg6 hxg6 29. Nd6 Ke7 30. Nb7 Bc8 31. Na5 Kf6 32. h4 Kg7 33. Kd2 Kh6 34. Nc6 Kh5 35. Ne5 Be6 36. b3 b4 37. Ke3 Bd5 38. Kd4 Be4 39. c3 a5 40. cxb4 axb4 41. Kc4 Bb1 42. Kxb4 Bxa2 43. Kc3 Bb1 44. b4 Kxh4 45. Nxg6+ 1-0

[Event "Oslo"]
[Site "Oslo"]
[Date "1985.??.??"]
[Round "?"]
[White "Tisdall, Jonathan D"]
[Black "Bator, Robert"]
[Result "1/2-1/2"]
[WhiteElo "2420"]
[BlackElo "2380"]
[PlyCount "56"]
[EventDate "1985.03.??"]
[Source "ChessBase"]

1. e4 c5 2. Nf3 d6 3. d4 cxd4 4. Nxd4 Nf6 5. Nc3 e5 6. Bb5+ Nbd7 7. Nf5 a6 8. Bxd7+ Qxd7 9. Ne3 Qc6 10. O-O Nxe4 11. Nxe4 Qxe4 12. Nd5 Rb8 13. Re1 Qc4 14. b3 Qc6 15. f4 Be6 16. c4 Rd8 17. Bb2 f6 18. Qh5+ Bf7 19. Qg4 Bxd5 20. cxd5 Qxd5 21. Rac1 Be7 22. Rc7 Kf7 23. fxe5 dxe5 24. Ba3 Rhe8 25. Qh5+ Ke6 26. Qg4+ Kf7 27. Qh5+ Ke6 28. Qg4+ Kf7 1/2-1/2

[Event "URS Ch otbor"]
[Site "Roslavl"]
[Date "1989.??.??"]
[Round "?"]
[White "Moroz, Alexander"]
[Black "Korzubov, Peter"]
[Result "1/2-1/2"]
[WhiteElo "2345"]
[BlackElo "2455"]
[PlyCount "86"]
[EventDate "1989.??.??"]
[Source "www.chesslib.no"]
[SourceDate "2004.05.04"]

1. e4 c5 2. Nf3 d6 3. d4 cxd4 4. Nxd4 Nf6 5. Nc3 e5 6. Bb5+ Bd7 7. Bxd7+ Qxd7 8. Nf5 Nc6 9. O-O Nxe4 10. Nxe4 Qxf5 11. Nxd6+ Bxd6 12. Qxd6 Qd7 13. Qc5 Qe7 14. Be3 Qxc5 15. Bxc5 O-O-O 16. Rfd1 e4 17. Kf1 f5 18. Ke2 b6 19. Be3 Rhf8 20. g3 g6 21. h4 Rf7 22. Rxd8+ Nxd8 23. a4 Rc7 24. c3 Nb7 25. h5 Na5 26. hxg6 hxg6 27. Rh1 Nb3 28. Bf4 Rg7 29. Rh8+ Kb7 30. Bh6 Rf7 31. Rg8 Nc5 32. Rxg6 Nxa4 33. Bc1 Nc5 34. b4 Na4 35. Bd2 Nb2 36. Bg5 Nc4 37. Bf4 a5 38. bxa5 bxa5 39. Rg8 Rd7 40. Rf8 Rd5 41. g4 fxg4 42. Re8 Kc6 43. Rxe4 Kb5 1/2-1/2

[Event "14 Open A"]
[Site "Wien"]
[Date "2003.08.24"]
[Round "9"]
[White "Willemze, Jeroen"]
[Black "Ernst, Sipke"]
[Result "1-0"]
[WhiteElo "2327"]
[BlackElo "2468"]
[PlyCount "95"]
[EventDate "2003.08.16"]
[Source "Roberto Alvarez"]
[SourceDate "2003.09.01"]

1. e4 c5 2. Nf3 d6 3. d4 cxd4 4. Nxd4 Nf6 5. Nc3 e5 6. Bb5+ Bd7 7. Bxd7+ Qxd7 8. Nde2 Qg4 9. Qd3 Qxg2 10. Rg1 Qxh2 11. Bg5 Nbd7 12. O-O-O Qxf2 13. Be3 Qf3 14. Rg3 Qh5 15. Nb5 Rc8 16. Nxa7 Rd8 17. Nb5 Be7 18. Rxg7 Nc5 19. Qc4 Ncxe4 20. Nc7+ Kd7 21. Rxf7 Qf5 22. Bb6 Rhe8 23. Qa4+ Kc8 24. Qa8+ Kd7 25. Qa4+ Kc8 26. Nxe8 Qg5+ 27. Kb1 Rxe8 28. Rxh7 Qg2 29. Qc4+ Kd7 30. Qb5+ Ke6 31. Qb3+ d5 32. Qh3+ Qxh3 33. Rxh3 d4 34. Re1 Ra8 35. Nxd4+ exd4 36. Bxd4 Kf7 37. Rhe3 Nd2+ 38. Kc1 Nd5 39. Rxe7+ Nxe7 40. Kxd2 Rxa2 41. Bc5 Nd5 42. Ba3 b5 43. Re5 b4 44. Rxd5 bxa3 45. b4 Ke6 46. Ra5 Kd6 47. Kd3 Kc6 48. c3 1-0

[Event "Buenos Aires TB VI"]
[Site "Buenos Aires ARG"]
[Date "1991.??.??"]
[Round "9"]
[White "Adla, Diego G"]
[Black "Fraschini, Mariano"]
[Result "1-0"]
[WhiteElo "2435"]
[BlackElo "2350"]
[PlyCount "123"]
[EventDate "1991.??.??"]
[Source "www.chesslib.no"]
[SourceDate "2004.05.04"]

1. e4 c5 2. Nf3 d6 3. d4 cxd4 4. Nxd4 Nf6 5. Nc3 e5 6. Bb5+ Nbd7 7. Nf5 a6 8. Bxd7+ Qxd7 9. Ne3 Qc6 10. Qd3 Be6 11. O-O Rc8 12. a4 g6 13. a5 Be7 14. Bd2 O-O 15. b3 Rfd8 16. Ncd5 Bxd5 17. exd5 Qc7 18. Kh1 Nd7 19. Nc4 f5 20. Rae1 Bf6 21. f3 Nc5 22. Qe3 Qf7 23. Bb4 Qe7 24. Re2 Re8 25. Nb6 Rc7 26. Bxc5 Rxc5 27. b4 Rc7 28. c4 g5 29. Qd2 e4 30. fxe4 f4 31. e5 Bxe5 32. c5 Qf6 33. Nc4 Rce7 34. Nxe5 Rxe5 35. Rxe5 Rxe5 36. c6 Qf7 37. Rc1 Re7 38. Qc3 Rc7 39. Qf3 Qe8 40. Kg1 Re7 41. h3 Rc7 42. Rc2 Qe3+ 43. Qxe3 fxe3 44. Kf1 Kf7 45. Rc3 Kg7 46. Ke2 Kf6 47. Rxe3 bxc6 48. Re6+ Kg7 49. Rxd6 c5 50. Rxa6 cxb4 51. Rb6 Rc5 52. Rxb4 Rxa5 53. Rd4 Kf7 54. Kf3 h5 55. Ke4 Ra2 56. g4 hxg4 57. hxg4 Rf2 58. Ke5 Ke7 59. Ra4 Kd7 60. Ra7+ Ke8 61. Rg7 Re2+ 62. Kd6 1-0

[Event "Schneider Memorial Open"]
[Site "Budapest HUN"]
[Date "1991.??.??"]
[Round "4"]
[White "Moiseev, Viktor"]
[Black "Kovacevic, Veljko"]
[Result "1-0"]
[WhiteElo "2460"]
[BlackElo "2320"]
[PlyCount "80"]
[EventDate "1991.??.??"]
[Source "www.chesslib.no"]
[SourceDate "2004.05.04"]

1. e4 c5 2. Nf3 d6 3. d4 cxd4 4. Nxd4 Nf6 5. Nc3 e5 6. Bb5+ Bd7 7. Bxd7+ Qxd7 8. Nf5 Nxe4 9. Nxg7+ Bxg7 10. Nxe4 d5 11. Ng3 Nc6 12. c3 O-O-O 13. Qh5 Qe6 14. O-O Qg6 15. Qh3+ Kb8 16. f4 f6 17. Be3 h5 18. Nf5 d4 19. cxd4 exd4 20. Bf2 Rd5 21. Nxg7 Qxg7 22. Rad1 Qg4 23. Qb3 Qd7 24. Rd3 Rd8 25. a3 Ka8 26. Qd1 Qg4 27. Qd2 Re8 28. Rf3 Re4 29. Re1 Qe6 30. b4 Rxe1+ 31. Bxe1 Qe4 32. h3 Qb1 33. Kh2 a6 34. Rd3 Rf5 35. Bf2 Rd5 36. Bxd4 Qf1 37. Qe3 Qb1 38. Rd2 Qf5 39. Bc5 Rxd2 40. Qxd2 Qe4 1-0

[Event "Mar del Plata Open"]
[Site "Mar del Plata ARG"]
[Date "1992.??.??"]
[Round "5"]
[White "Van Riemsdijk, Herman C"]
[Black "Fraschini, Mariano"]
[Result "1-0"]
[WhiteElo "2440"]
[BlackElo "2330"]
[PlyCount "119"]
[EventDate "1992.??.??"]
[Source "www.chesslib.no"]
[SourceDate "2004.05.04"]

1. e4 c5 2. Nf3 d6 3. d4 cxd4 4. Nxd4 Nf6 5. Nc3 e5 6. Bb5+ Nbd7 7. Nf5 a6 8. Bc4 Nc5 9. Ng3 b5 10. Bd5 Nxd5 11. Nxd5 Be7 12. O-O O-O 13. Bd2 Be6 14. Ba5 Qxa5 15. Nxe7+ Kh8 16. Qxd6 Na4 17. Qxe5 Bc4 18. Rfd1 f6 19. Qd4 Qb4 20. b3 Qxe7 21. bxc4 Rad8 22. Qe3 bxc4 23. Rd4 Rxd4 24. Qxd4 Qe5 25. Rd1 Nc3 26. Qxe5 fxe5 27. Rd6 Rb8 28. h4 Nxa2 29. Rxa6 Nb4 30. Ra5 Nxc2 31. Rxe5 Kg8 32. Rc5 Na3 33. Nf5 Kf7 34. Nd6+ Ke7 35. Nxc4 Rb1+ 36. Kh2 Rc1 37. Rc7+ Kd8 38. Rxg7 Rxc4 39. f3 Rc7 40. Rg8+ Ke7 41. Rg7+ Kd6 42. Rxc7 Kxc7 43. Kg3 Kd6 44. Kf4 Ke6 45. g4 Nc4 46. g5 Nd2 47. h5 Nc4 48. Kg4 Nd2 49. Kg3 Nc4 50. Kf4 Nd2 51. Ke3 Nc4+ 52. Kd4 Nd2 53. f4 Nf3+ 54. Ke3 Ne1 55. f5+ Kf7 56. e5 Ng2+ 57. Ke4 Nh4 58. h6 Ng2 59. e6+ Kf8 60. g6 1-0

[Event "Planernaya (Russia)"]
[Site "?"]
[Date "1983.10.??"]
[Round "?"]
[White "Zaitsev Igor A"]
[Black "Kamshonkov Sergey"]
[Result "1-0"]
[WhiteElo "2410"]
[BlackElo "2359"]
[PlyCount "103"]
[EventDate "1983.??.??"]
[Source "www.chesslib.no"]
[SourceDate "2004.05.04"]

1. e4 c5 2. Nf3 d6 3. d4 cxd4 4. Nxd4 Nf6 5. Nc3 e5 6. Bb5+ Nbd7 7. Nf5 a6 8. Ba4 b5 9. Bb3 Nc5 10. Bg5 Bxf5 11. exf5 Nxb3 12. axb3 Be7 13. Bxf6 Bxf6 14. Qd5 O-O 15. Ne4 Be7 16. g4 Qd7 17. O-O-O Rfd8 18. f4 exf4 19. g5 Bf8 20. Rhg1 f3 21. g6 hxg6 22. fxg6 Qh3 23. Kb1 Ra7 24. Ng5 Qh5 25. gxf7+ Rxf7 26. Nxf7 Qxf7 27. Rgf1 Qxd5 28. Rxd5 Be7 29. Rxf3 Bf6 30. Rfd3 Be7 31. b4 Rf8 32. Ra3 Rf1+ 33. Ka2 Rf2 34. c3 Rxh2 35. Rxa6 g5 36. Rxb5 g4 37. Ra7 Kf7 38. Rf5+ Ke6 39. Rf4 Bf6 40. Rxg4 Bxc3 41. Kb3 Be5 42. Ra2 Kd5 43. Ra5+ Kc6 44. Rc4+ Kb6 45. Ka4 Rxb2 46. Rb5+ Ka6 47. Rc6+ Ka7 48. Rc7+ Ka6 49. Rb8 Ra2+ 50. Kb3 Rb2+ 51. Ka3 Bd4 52. Rcb7 1-0

[Event "Oslo"]
[Site "Oslo"]
[Date "1985.??.??"]
[Round "?"]
[White "Wibe, Terje"]
[Black "Bator, Robert"]
[Result "1-0"]
[WhiteElo "2380"]
[BlackElo "2380"]
[PlyCount "87"]
[EventDate "1985.03.??"]
[Source "ChessBase"]

1. e4 c5 2. Nf3 d6 3. d4 cxd4 4. Nxd4 Nf6 5. Nc3 e5 6. Bb5+ Nbd7 7. Nf5 a6 8. Bxd7+ Qxd7 9. Ne3 Qc6 10. Qf3 h5 11. Bd2 Be6 12. O-O-O Rc8 13. h3 b5 14. Kb1 Be7 15. Bc1 g6 16. Ned5 Bxd5 17. exd5 Qc4 18. a3 a5 19. Qd3 b4 20. axb4 axb4 21. Qxc4 Rxc4 22. Na2 Kd7 23. b3 Rc5 24. Nxb4 Ne4 25. Be3 Nc3+ 26. Kb2 Nxd1+ 27. Rxd1 Rb5 28. Nc6 Ra8 29. c4 Rb7 30. b4 Bd8 31. Kb3 f5 32. f4 e4 33. g4 Bf6 34. gxf5 gxf5 35. Rg1 Ra1 36. Rg6 Rb1+ 37. Kc2 Rb2+ 38. Kc1 Bc3 39. b5 Re2 40. Bd4 Bxd4 41. Nxd4 Rf2 42. Nxf5 Rb6 43. c5 Rxb5 44. c6+ 1-0

[Event "Dieren Open"]
[Site "Dieren NED"]
[Date "1989.??.??"]
[Round "3"]
[White "Riemersma, Liafbern"]
[Black "Hoeksema, Hendrik Pieter"]
[Result "1-0"]
[WhiteElo "2380"]
[BlackElo "2380"]
[PlyCount "65"]
[EventDate "1989.??.??"]
[Source "www.chesslib.no"]
[SourceDate "2004.05.04"]

1. e4 c5 2. Nf3 d6 3. d4 cxd4 4. Nxd4 Nf6 5. Nc3 e5 6. Bb5+ Nbd7 7. Nf5 a6 8. Ba4 b5 9. Bb3 Nb6 10. Bg5 Bxf5 11. exf5 Be7 12. Bxf6 Bxf6 13. a4 O-O 14. O-O e4 15. axb5 Bxc3 16. bxc3 axb5 17. Rxa8 Nxa8 18. Qd5 Qc7 19. Qxe4 Qxc3 20. Bxf7+ Rxf7 21. Qxa8+ Rf8 22. Qd5+ Kh8 23. Qxd6 Rc8 24. Rd1 h6 25. h3 Qxc2 26. f6 Qg6 27. Qd7 Rg8 28. fxg7+ Rxg7 29. Qd8+ Rg8 30. Qd4+ Rg7 31. g3 h5 32. Rc1 Kh7 33. Rc5 1-0

[Event "Cannes Open"]
[Site "Cannes FRA"]
[Date "1990.??.??"]
[Round "8"]
[White "Hauchard, Arnaud"]
[Black "Haik, Aldo"]
[Result "0-1"]
[WhiteElo "2340"]
[BlackElo "2400"]
[PlyCount "62"]
[EventDate "1990.02.??"]
[Source "www.chesslib.no"]
[SourceDate "2004.05.04"]

1. e4 c5 2. Nf3 d6 3. d4 cxd4 4. Nxd4 Nf6 5. Nc3 e5 6. Bb5+ Nbd7 7. Nf5 a6 8. Bxd7+ Qxd7 9. Bg5 Nxe4 10. Nxg7+ Bxg7 11. Nxe4 O-O 12. Nf6+ Bxf6 13. Bxf6 Re8 14. O-O Qe6 15. Bg5 Qg6 16. Qd2 Bf5 17. c3 Re6 18. f4 h6 19. Bh4 e4 20. Rae1 Kh7 21. Re3 Rg8 22. Rg3 Qh5 23. Rxg8 e3 24. Qd5 Kxg8 25. Bg3 b5 26. Re1 Qg4 27. Qd4 e2 28. Qd2 h5 29. Bf2 Be4 30. Bg3 h4 31. f5 hxg3 0-1

[Event "Beersheba zt"]
[Site "Beer Sheba ISR"]
[Date "1985.??.??"]
[Round "8"]
[White "Lau, Ralf"]
[Black "Kwatschewsky, Leo"]
[Result "1/2-1/2"]
[WhiteElo "2410"]
[BlackElo "2325"]
[PlyCount "70"]
[EventDate "1985.??.??"]
[Source "www.chesslib.no"]
[SourceDate "2004.05.04"]

1. e4 c5 2. Nf3 d6 3. d4 cxd4 4. Nxd4 Nf6 5. Nc3 e5 6. Bb5+ Nbd7 7. Nf5 a6 8. Bxd7+ Qxd7 9. Ne3 Qc6 10. Qd3 Be6 11. b3 Rc8 12. Bb2 Be7 13. O-O O-O 14. Rad1 Rfe8 15. Kh1 h6 16. f3 Bf8 17. Rf2 Nd7 18. Ncd5 b5 19. Rc1 Nb6 20. Nxb6 Qxb6 21. f4 d5 22. exd5 Bxd5 23. fxe5 Rcd8 24. Qe2 Bc5 25. Nxd5 Rxd5 26. Rff1 Qe6 27. c4 bxc4 28. Rxc4 Red8 29. Bc3 Bd4 30. Bxd4 Rxd4 31. Rc2 R4d5 32. Qf3 R8d7 33. Re2 Rd3 34. Qa8+ Rd8 35. Qb7 Rd1 1/2-1/2

[Event "SWE Ch"]
[Site "Malmo SWE"]
[Date "1986.??.??"]
[Round "?"]
[White "Schneider, Lars-Ake"]
[Black "Bator, Robert"]
[Result "1/2-1/2"]
[WhiteElo "2430"]
[BlackElo "2285"]
[PlyCount "81"]
[EventDate "1986.07.??"]
[Source "www.chesslib.no"]
[SourceDate "2004.05.04"]

1. e4 c5 2. Nf3 d6 3. d4 cxd4 4. Nxd4 Nf6 5. Nc3 e5 6. Bb5+ Nbd7 7. Nf5 a6 8. Bxd7+ Qxd7 9. Ne3 Qc6 10. O-O Nxe4 11. Nxe4 Qxe4 12. Nd5 Rb8 13. b3 Bf5 14. c4 f6 15. Ba3 Kf7 16. Qd2 Rd8 17. Rfe1 Qg4 18. Ne3 Qg5 19. Qd5+ Be6 20. Qxb7+ Be7 21. Nd5 Rhe8 22. Nc7 Rd7 23. Nxe6 Rxb7 24. Nxg5+ fxg5 25. Rad1 Ke6 26. Rd5 Rb6 27. h3 Rc6 28. Kf1 Rf8 29. Re3 Rf4 30. Ke2 Bd8 31. g3 Rf6 32. Red3 Bc7 33. Bb4 Kf7 34. Ba5 Bxa5 35. Rxa5 Rh6 36. g4 Rf6 37. Rdd5 Ke6 38. Ra4 Rf8 39. Rda5 Rc7 40. c5 Rcf7 41. Rxa6 1/2-1/2

[Event "Alushta3"]
[Site "Alushta"]
[Date "1994.??.??"]
[Round "4"]
[White "Zagrebelny, Sergey"]
[Black "Vasilevich, Tatjana"]
[Result "1-0"]
[WhiteElo "2510"]
[BlackElo "2205"]
[PlyCount "116"]
[EventDate "1994.??.??"]
[Source "ChessBase"]

1. e4 c5 2. Nf3 d6 3. d4 cxd4 4. Nxd4 Nf6 5. Nc3 e5 6. Bb5+ Nbd7 7. Nf5 a6 8. Ba4 b5 9. Bb3 Nc5 10. Bg5 Bxf5 11. exf5 Be7 12. Bxf6 Bxf6 13. Qd5 O-O 14. Ne4 Qa5+ 15. c3 b4 16. Rd1 bxc3 17. bxc3 Rab8 18. Bc4 Bd8 19. O-O Nxe4 20. Qxe4 Qxc3 21. Rd3 Qc2 22. Qc6 Rb2 23. Qc8 d5 24. Bxa6 Qxc8 25. Bxc8 Bb6 26. Bb7 d4 27. Ra1 Ba5 28. Rb3 Rc2 29. a4 h6 30. Be4 Rc5 31. g4 Rfc8 32. Kg2 Kf8 33. Rab1 Ke7 34. h4 R8c7 35. Rb8 f6 36. R1b5 Kd6 37. Rd8+ Ke7 38. Ra8 Rxb5 39. axb5 Bb6 40. Ra6 Bc5 41. b6 Rd7 42. b7 Rd8 43. Re6+ Kd7 44. Kf3 Bd6 45. Ke2 Kc7 46. Kd3 Rh8 47. g5 hxg5 48. hxg5 Rf8 49. Kc4 Kd7 50. Kd5 Bb8 51. g6 Rd8 52. Kc5 Ba7+ 53. Kb5 Kc7 54. Re7+ Rd7 55. Rf7 Kd6 56. Ka6 Bb8 57. Rf8 Bc7 58. Rc8 Ke7 1-0

[Event "Salou ESP"]
[Site "?"]
[Date "2006.06.12"]
[Round "6"]
[White "Benitah Yohan"]
[Black "Vernay Clovis"]
[Result "1/2-1/2"]
[WhiteElo "2417"]
[BlackElo "2293"]
[PlyCount "58"]
[EventDate "2006.??.??"]
[Source "www.chesslib.no"]
[SourceDate "2004.05.04"]

1. e4 c5 2. Nf3 d6 3. d4 cxd4 4. Nxd4 Nf6 5. Nc3 e5 6. Bb5+ Nbd7 7. Nf5 a6 8. Ba4 b5 9. Bb3 Nc5 10. Bg5 Bxf5 11. exf5 Be7 12. Bxf6 Bxf6 13. Qd5 O-O 14. O-O-O a5 15. Qxd6 Qc8 16. Nd5 Bd8 17. f6 a4 18. Ne7+ Bxe7 19. fxe7 Nxb3+ 20. axb3 Re8 21. b4 Qc4 22. Qxe5 Qxb4 23. Rhe1 a3 24. b3 a2 25. Kb2 Rxe7 26. Qxe7 a1=Q+ 27. Rxa1 Qd4+ 28. c3 Qd2+ 29. Kb1 Qd3+ 1/2-1/2

[Event "Salou ESP"]
[Site "?"]
[Date "2006.06.14"]
[Round "8"]
[White "Lacasa Diaz Jose Antonio"]
[Black "Vernay Clovis"]
[Result "1/2-1/2"]
[WhiteElo "2411"]
[BlackElo "2293"]
[PlyCount "106"]
[EventDate "2006.??.??"]
[Source "www.chesslib.no"]
[SourceDate "2004.05.04"]

1. e4 c5 2. Nf3 d6 3. d4 cxd4 4. Nxd4 Nf6 5. Nc3 e5 6. Bb5+ Nbd7 7. Nf5 a6 8. Ba4 b5 9. Bb3 Nc5 10. Bg5 Bxf5 11. exf5 Be7 12. Bxf6 Bxf6 13. O-O O-O 14. Nd5 e4 15. c3 a5 16. Qe2 Re8 17. Qxb5 a4 18. Bc2 Rb8 19. Qc4 Rxb2 20. Bxa4 Re5 21. Nxf6+ Qxf6 22. Rab1 Rxb1 23. Rxb1 h5 24. Bc2 Qxf5 25. f3 Qg5 26. Kh1 Qe7 27. fxe4 d5 28. Qe2 g6 29. h3 dxe4 30. Qe3 Kg7 31. a4 Ne6 32. Rb5 Qf6 33. Rxe5 Qxe5 34. Qxe4 Qxc3 35. Qd3 Qe1+ 36. Kh2 h4 37. Qe4 Qg3+ 38. Kg1 Qc3 39. Qd3 Qc5+ 40. Kf1 Nf4 41. Qe4 Nd5 42. Ke1 Nc3 43. Qd3 Qb4 44. Qd2 Qc5 45. Qd3 Nxa4 46. Bxa4 Qb4+ 47. Kf2 Qxa4 48. Qd5 Qf4+ 49. Kg1 Kh6 50. Kh1 f5 51. Qd8 Qe4 52. Qh8+ Kg5 53. Qd8+ Kh6 1/2-1/2

[Event "Warsaw"]
[Site "Warsaw POL"]
[Date "1988.??.??"]
[Round "5"]
[White "Bielczyk, Jacek"]
[Black "Latas, Boguslaw"]
[Result "1-0"]
[WhiteElo "2385"]
[BlackElo "2310"]
[PlyCount "93"]
[EventDate "1988.??.??"]
[Source "www.chesslib.no"]
[SourceDate "2004.05.04"]

1. e4 c5 2. Nf3 d6 3. d4 cxd4 4. Nxd4 Nf6 5. Nc3 e5 6. Bb5+ Nbd7 7. Nf5 a6 8. Bxd7+ Qxd7 9. Ne3 Qc6 10. Qf3 Be6 11. O-O Be7 12. Nf5 Bxf5 13. Qxf5 h6 14. Rd1 Rc8 15. a4 Qd7 16. Qf3 O-O 17. Qd3 Qc6 18. f3 Rfd8 19. Be3 Rd7 20. Rd2 Qc4 21. a5 Qxd3 22. Rxd3 Rc4 23. Kf1 Kf8 24. Ke2 Ke8 25. Kd2 Bd8 26. Kc1 Ke7 27. b3 Rc8 28. Kb2 Rdc7 29. Bf2 Ke6 30. Bb6 Rc6 31. Bxd8 Rxd8 32. Nd5 Rcc8 33. Nb6 Rc6 34. Rad1 Ne8 35. c4 g6 36. b4 f5 37. exf5+ gxf5 38. Kb3 Nf6 39. g3 Rc7 40. Na4 e4 41. Rd4 exf3 42. Rf4 Nd7 43. Re1+ Kf6 44. Nc3 f2 45. Rxf2 Rcc8 46. Nd5+ Kg5 47. Ne7 1-0

[Event "34. TCh-GRE"]
[Site "?"]
[Date "2005.07.11"]
[Round "9"]
[White "Petrov Marijan"]
[Black "Nikolaou Georgios"]
[Result "1-0"]
[WhiteElo "2406"]
[BlackElo "2288"]
[PlyCount "39"]
[EventDate "2005.??.??"]
[Source "www.chesslib.no"]
[SourceDate "2004.05.04"]

1. e4 c5 2. Nf3 d6 3. d4 cxd4 4. Nxd4 Nf6 5. Nc3 e5 6. Bb5+ Nbd7 7. Nde2 h6 8. O-O a6 9. Bd3 Be7 10. a4 O-O 11. Be3 Qc7 12. Ng3 Nc5 13. Be2 Qc6 14. Nd5 Bd8 15. Nxf6+ Bxf6 16. Bc4 Nxe4 17. Bd5 Qe8 18. Qh5 Nc5 19. Bxh6 gxh6 20. Qg6+ 1-0

[Event "FRG Ch 17th"]
[Site "Bad Neuenahr GER"]
[Date "1982.??.??"]
[Round "3"]
[White "Lau, Ralf"]
[Black "Hartmann, Wolfram"]
[Result "1/2-1/2"]
[WhiteElo "2415"]
[BlackElo "2275"]
[PlyCount "42"]
[EventDate "1982.06.17"]
[Source "www.chesslib.no"]
[SourceDate "2004.05.04"]

1. e4 c5 2. Nf3 d6 3. d4 cxd4 4. Nxd4 Nf6 5. Nc3 e5 6. Bb5+ Nbd7 7. Nf5 a6 8. Bxd7+ Qxd7 9. Ne3 b5 10. O-O Qc6 11. Qd3 Be6 12. b3 Rc8 13. Bb2 Nd7 14. f3 Be7 15. Kh1 Nc5 16. Qe2 O-O 17. Rad1 Rfd8 18. Ncd5 Bf8 19. c4 bxc4 20. Nxc4 Qb5 21. Rf2 f5 1/2-1/2

[Event "Buenos Aires Najdorf Open"]
[Site "Buenos Aires ARG"]
[Date "1993.??.??"]
[Round "6"]
[White "Kanefsck, Gustavo"]
[Black "Fraschini, Mariano"]
[Result "1-0"]
[WhiteElo "2370"]
[BlackElo "2320"]
[PlyCount "69"]
[EventDate "1993.04.??"]
[Source "www.chesslib.no"]
[SourceDate "2004.05.04"]

1. e4 c5 2. Nf3 d6 3. d4 cxd4 4. Nxd4 Nf6 5. Nc3 e5 6. Bb5+ Nbd7 7. Nf5 a6 8. Bxd7+ Qxd7 9. Bg5 Nxe4 10. Nxg7+ Bxg7 11. Nxe4 O-O 12. Qxd6 Qf5 13. f3 Bd7 14. O-O-O Bc6 15. Be7 Rfc8 16. Rhe1 a5 17. Kb1 Be8 18. Qd3 Qe6 19. Bh4 Ba4 20. b3 Bc6 21. Qd6 Qf5 22. Nf6+ Kh8 23. Qxe5 Qg6 24. Qg5 a4 25. Qxg6 fxg6 26. Nd5 axb3 27. cxb3 Ra5 28. Ne7 Rca8 29. Nxc6 bxc6 30. Rd8+ Bf8 31. Red1 Kg7 32. R1d7+ Kh6 33. Rxa8 Rxa8 34. f4 Re8 35. g4 1-0

[Event "Oberliga Wuert 9192"]
[Site "Wuerttemberg"]
[Date "1992.??.??"]
[Round "?"]
[White "Gazik, Igor"]
[Black "Hottes, Dieter"]
[Result "1-0"]
[WhiteElo "2435"]
[BlackElo "2240"]
[PlyCount "49"]
[EventDate "1991.10.??"]
[Source "www.chesslib.no"]
[SourceDate "2004.05.04"]

1. e4 c5 2. Nf3 d6 3. d4 cxd4 4. Nxd4 Nf6 5. Nc3 e5 6. Bb5+ Nbd7 7. Nf5 a6 8. Bxd7+ Qxd7 9. Bg5 Qc6 10. Ng3 Be7 11. O-O Be6 12. Nf5 Bxf5 13. exf5 Rc8 14. Re1 O-O 15. Re3 Qd7 16. Qf3 Rfe8 17. Rd1 e4 18. Qf4 Nh5 19. Qh4 Nf6 20. Qf4 Nh5 21. Qg4 Nf6 22. Bxf6 Bxf6 23. Nd5 Qd8 24. Rxe4 Be5 25. f6 1-0

[Event "It (b)"]
[Site "Dubna (Russia)"]
[Date "2007.08.10"]
[Round "15"]
[White "Ozolin Maxim (RUS)"]
[Black "Severiukhina Zoja (RUS)"]
[Result "1/2-1/2"]
[WhiteElo "2406"]
[BlackElo "2267"]
[PlyCount "33"]
[EventDate "2007.??.??"]
[Source "www.chesslib.no"]
[SourceDate "2004.05.04"]

1. e4 c5 2. Nf3 d6 3. d4 cxd4 4. Nxd4 Nf6 5. Nc3 e5 6. Bb5+ Bd7 7. Bxd7+ Qxd7 8. Nf5 Nxe4 9. Nxg7+ Bxg7 10. Nxe4 d5 11. Bh6 O-O 12. Bxg7 Kxg7 13. Qh5 dxe4 14. Qg5+ Kh8 15. Qf6+ Kg8 16. Qg5+ Kh8 17. Qf6+ 1/2-1/2

[Event "Hamburg-ch"]
[Site "Hamburg"]
[Date "1985.??.??"]
[Round "?"]
[White "Stein, Bernd"]
[Black "Rostalski, Walter"]
[Result "1/2-1/2"]
[WhiteElo "2380"]
[BlackElo "2265"]
[PlyCount "25"]
[EventDate "1985.??.??"]
[Source "ChessBase"]

1. e4 c5 2. Nf3 d6 3. d4 cxd4 4. Nxd4 Nf6 5. Nc3 e5 6. Bb5+ Bd7 7. Bxd7+ Qxd7 8. Nf5 Nxe4 9. Nxe4 Qxf5 10. Nxd6+ Bxd6 11. Qxd6 Nc6 12. O-O Qd7 13. Qa3 1/2-1/2

[Event "IV Open"]
[Site "Rhone FRA"]
[Date "2008.04.18"]
[Round "9"]
[White "Vocaturo, D."]
[Black "Ravot, S."]
[Result "1-0"]
[WhiteElo "2412"]
[BlackElo "2233"]
[PlyCount "87"]
[EventDate "2008.04.12"]
[Source "www.chesslib.no"]
[SourceDate "2004.05.04"]

1. e4 c5 2. Nf3 d6 3. d4 cxd4 4. Nxd4 Nf6 5. Nc3 e5 6. Bb5+ Nbd7 7. Nf5 a6 8. Bxd7+ Qxd7 9. Ne3 Qc6 10. Qd3 Be6 11. O-O Rc8 12. Ncd5 Bxd5 13. exd5 Qc5 14. Rd1 g6 15. b3 Bh6 16. c4 Bg7 17. a4 O-O 18. Ba3 Qc7 19. Rac1 b6 20. b4 Nd7 21. c5 bxc5 22. bxc5 dxc5 23. Qxa6 Bh6 24. Qe2 Bxe3 25. Qxe3 Qd6 26. h4 f5 27. h5 f4 28. Qh3 Rf6 29. Rb1 Re8 30. a5 Rf5 31. hxg6 hxg6 32. Rb7 Re7 33. Qg4 e4 34. Bxc5 Nxc5 35. Rxe7 f3 36. Re6 Nxe6 37. Qxg6+ Kh8 38. Qxf5 Nf4 39. g3 Ne2+ 40. Kh2 Qc5 41. Rf1 Nc3 42. a6 Qc7 43. d6 Qxd6 44. a7 1-0

[Event "AUT Team Ch"]
[Site "Austria"]
[Date "1989.??.??"]
[Round "?"]
[White "Druckenthaner, Andreas"]
[Black "Kwatschewsky, Leo"]
[Result "1/2-1/2"]
[WhiteElo "2290"]
[BlackElo "2355"]
[PlyCount "54"]
[EventDate "1989.??.??"]
[Source "www.chesslib.no"]
[SourceDate "2004.05.04"]

1. e4 c5 2. Nf3 d6 3. d4 cxd4 4. Nxd4 Nf6 5. Nc3 e5 6. Bb5+ Nbd7 7. Nf5 a6 8. Bxd7+ Qxd7 9. O-O d5 10. f4 dxe4 11. Qxd7+ Bxd7 12. fxe5 Ng4 13. Nxe4 Nxe5 14. Nfd6+ Bxd6 15. Nxd6+ Ke7 16. Bf4 Kxd6 17. Rad1+ Ke7 18. Bxe5 f6 19. Bc3 Bc6 20. Rfe1+ Kf7 21. Kf2 Rhe8 22. Ba5 Rxe1 23. Rxe1 Rc8 24. c4 Bd7 25. b3 Rc5 26. Bd2 b5 27. Bb4 Re5 1/2-1/2

[Event "AUT-ch"]
[Site "Wolfsberg"]
[Date "1985.??.??"]
[Round "4"]
[White "Petschar, Kurt"]
[Black "Kwatschewsky, Leo"]
[Result "1/2-1/2"]
[WhiteElo "2310"]
[BlackElo "2325"]
[PlyCount "40"]
[EventDate "1985.??.??"]
[Source "ChessBase"]

1. e4 c5 2. Nf3 d6 3. d4 cxd4 4. Nxd4 Nf6 5. Nc3 e5 6. Bb5+ Nbd7 7. Nf5 a6 8. Bxd7+ Qxd7 9. Ng3 h6 10. O-O Qc6 11. f4 Be7 12. f5 h5 13. Qd3 Bd7 14. Re1 Rc8 15. Nf1 Qb6+ 16. Ne3 Bc6 17. Kh1 Qd4 18. Ned1 h4 19. h3 Rh5 20. Qf3 Rh8 1/2-1/2